| 000 | 00907nam a22001935i 4500 | ||
|---|---|---|---|
| 001 | 155307 | ||
| 003 | ES-MaACL | ||
| 005 | 20240224062543.0 | ||
| 008 | 991203s1900 sp |||| | spa d | ||
| 040 |
_aCCPB | B _bspa _cCCPB | B |
||
| 100 | 1 |
_aHernández, Antonio _cO.P. _9222378 |
|
| 245 | 1 | 0 |
_aOración fúnebre que por encargo de la Real Academia Española y en las honras de Miguel de Cervantes y demás ingenios españoles pronunció en la iglesia de Religiosas Trinitarias de Madrid, el día 23 de abril de 1900 / _cAntonio Hernández. |
| 260 |
_aMadrid : _b[s.n.], _c1900 ( _fEstablecimiento Tipográfico "Sucesores de Rivadeneyra") |
||
| 300 |
_a26 p. ; _c28 cm. |
||
| 600 | 1 | 4 |
_aCervantes Saavedra, Miguel de, _d1547-1616 _9226514 |
| 710 | 2 |
_aReal Academia Española _96336 |
|
| 852 |
_aES-MaACL _jF-M-III-E-F (X) _z-- Enc. pasta española _z-- Enc. en un vol. facticio |
||
| 999 |
_c155307 _d155307 |
||